000 00573nam a2200181Ia 4500
008 151202s9999||||xx |||||||||||||| ||und||
082 _bPNVM-33441
100 _aप्रफुल्लदत्त.
245 _aपदचिन्हे.
260 _b"श्री विद्या प्रकाशन, पुणे."
260 _c0
300 _a110
600 _aप्रफुल्लदत्त.
630 _aपदचिन्हे.
700 _aप्रफुल्लदत्त.
730 _aपदचिन्हे.
942 _cBOOK
999 _c1299400
_d1299397